000 00392nam a2200157Ia 4500
008 210716s1998 xx 000 0 und d
020 _a0137371152
041 _aeng
082 _a658.8342 MOWJ
100 _aMowen, John C; Minor Michael.
245 _aConsumer behavior.
250 _a5
260 _aNew Jersey
_bPrentice Hall
_c1998
300 _axxi,696
650 _aConsumer Behavior
999 _c206056
_d206056